LEADER 00837nam a2200217 i 4500 001 000000001406 003 CaOOAMICUS 005 20220929161627.0 008 180830s1988 it u000 u ita u 040 $aSeMil$bita 100 1 $aLazzati, Giuseppe,$d<1909-1986>.$0(OLS)http://semarc/name/41 245 10$aPensare politicamente /$cGiuseppe Lazzati. 260 $aRoma :$bAVE,$c1988. 300 $a2 v. ;$c23 cm. 500 $aFondo Conti. 650 4$aLazzati, Giuseppe <1909-1986> - Scritti e discorsi.$0(OLS)http://semarc/subject/502 774 0 $tTempo dell'azione politica.$kItinerari$g1$w()48428 774 0 $tDa cristiani nella società e nello Stato.$kItinerari$g2$w()193057 996 $6245$aPensare politicamente$9(OLS)http://semarc/title/2263 996 $6260$aRoma :$bAVE$9(OLS)http://semarc/publisher/30251 LEADER 01505nas a2200289 i 4500 001 000000166626 003 CaOOAMICUS 005 20211201161358.0 008 071114b2003 it uu u0 0ita r 013 $a143995 040 $aSeMil$bita 100 1 $aBergagna, Ernesto <1902-1991>.$0(OLS)http://semarc/name/20101 240 10$aParte prima : Cantico dei colori a Maria ; Parte seconda : Le Antifone in "O" dell'Avvento ; Parte terza : Il Salmo 148.$0(OLS)http://semarc/title/238132 245 13$aLa preghiera rappresentata :$bVol. 2. /$cdi fra Ernesto Bergagna ; con la prefazione del Card. Dionigi Tettamanzi. 264 1$a[Milano] :$bScuola Beato Angelico,$c2003. 300 $a128 p. :$briccamente ill., notazione musicale ;$c24 cm. 650 04$aBergagna, Ernesto <1902-1991> - Preghiere.$0(OLS)http://semarc/subject/45951 650 4$aPreghiera - Arte.$0(OLS)http://semarc/subject/45924 700 1 $aTettamanzi, Dionigi,$c.$0(OLS)http://semarc/name/89456 773 0 $tArte Cristiana.$dMilano : Scuola Beato Angelico, 1913.$x0004-3400$w()1923 774 0 $t[vedi periodico].$w()267674 850 $aSeMil 852 $aSeMil$W1$xVenegono$y1$m212 5 30BIS$j117789$B117789$CSeMilBibl$Z2$F128477 $85 961 $aAcquisto: Scuola Beato Angelico 996 $6245$aLa preghiera rappresentata :$bVol. 2.$9(OLS)http://semarc/title/238131 996 $6264$a[Milano] :$bScuola Beato Angelico$9(OLS)http://semarc/publisher/44807